Por un mundo multipolar /

Bibliographic Details
Main Author: Amin, Samir (Author)
Other Authors: Cano, José Luis (Translator)
Format: Electronic eBook
Language:Spanish
French
Published: [Barcelona, Spain] : El Viejo Topo, [2006]
Subjects:
Online Access:Digitalia Hispánica

MARC

LEADER 00000nam a2200000Ii 4500
001 DIGVIETO223
003 NyNyDIG
007 cr |||||||||||
008 211127s2006 sp ob 000 0 spa d
006 m o d
035 |a (OCoLC)1287827354 
040 |a DGITA  |b eng  |e rda  |e pn  |c DGITA 
020 |z 9788496356580 
041 1 |a spa  |h fre 
050 1 4 |a JZ1313 ebook 
082 1 4 |a 327.1 
100 1 |a Amin, Samir,  |e author. 
240 1 0 |a Pour un monde multipolaire.  |l Spanish  |s (Cano) 
245 1 0 |a Por un mundo multipolar /  |c Samir Amin ; traducción de José Luis Cano. 
264 1 |a [Barcelona, Spain] :  |b El Viejo Topo,  |c [2006] 
300 |a 1 online resource. 
336 |a text  |b txt  |2 rdacontent 
337 |a computer  |b c  |2 rdamedia 
338 |a online resource  |b cr  |2 rdacarrier 
347 |a text file  |2 rdaft 
347 |b PDF 
504 |a Includes bibliographical references. 
588 0 |a Online resource; title from PDF title page (Digitalia, viewed November 27, 2021) 
650 0 |a Balance of power. 
650 0 |a Geopolitics. 
650 0 |a Free enterprise. 
655 0 |a Electronic books. 
700 1 |a Cano, José Luis,  |e translator. 
700 1 |i Translation of:  |a Amin, Samir.  |t Pour un monde multipolaire. 
791 2 |a Digitalia (Firm),  |e distributor. 
793 0 |g Digitalia eBook Collection:  |a El Viejo Topo 
776 0 8 |i Print version:  |a Amin, Samir.  |s Pour un monde multipolaire. Spanish (Cano).  |t Por un mundo multipolar.  |d [Barcelona, Spain] : El Viejo Topo, [2006]  |z 9788496356580 
856 4 0 |3 Digitalia Hispánica  |u https://www.digitaliapublishing.com/a/57839/ 
910 |a Premium collection: 2021